Rozpoznaj miasto po tablicy rejestracyjnej woj.małopolskie - Statystyki

Ogólne statystyki
  • Ten quiz został rozwiązany 312 razy
  • Średni wynik to 14 z 23
Statystyki odpowiedzi
Rejestracja Miasto / powiat Odpowiedź % Poprawnych
KR / KK Miasto Kraków
100%
KT Miasto Tarnów
90%
KN Miasto Nowy Sącz
84%
KRA powiat krakowski
72%
KLI powiat limanowski
72%
KNS powiat nowosądecki
72%
KTA powiat tarnowski
68%
KMY powiat myślenicki
67%
KBC powiat bocheński
63%
KNT powiat nowotarski
63%
KOS powiat oświęcimski
62%
KWA powiat wadowicki
62%
KOL powiat olkuski
61%
KWI powiat wielicki
59%
KCH powiat chrzanowski
57%
KBR powiat brzeski
50%
KTT powiat tatrzański
50%
KGR powiat gorlicki
49%
KMI powiat miechowski
46%
KPR powiat proszowicki
40%
KSU powiat suski
40%
KDA powiat dąbrowski
35%
KBA powiat bocheński
23%
Nie znaleziono quizów pasujących do podanych kryteriów
Rozkład punktacji
Procent ludzi z każdym wynikiem
Percentyl według liczby udzielonych odpowiedzi
Twoja historia wyników
Nie rozwiązałeś tego quizu